<?xml version="1.0" encoding="UTF-8"?>
<collection xmlns="http://www.loc.gov/MARC21/slim">
  <record>
    <leader>00000nam  2200000   4500</leader>
    <controlfield tag="001">NUTBA000000000000687</controlfield>
    <controlfield tag="005">20201113011713</controlfield>
    <datafield tag="035" ind1="#" ind2="#">
      <subfield code="a">0010-031400000000686</subfield>
    </datafield>
    <controlfield tag="008">201113################g##########0#ind##</controlfield>
    <datafield tag="082" ind1="#" ind2="#">
      <subfield code="a">307.095 981 5</subfield>
    </datafield>
    <datafield tag="245" ind1="#" ind2="#">
      <subfield code="a">Dampak pengembangan pariwisata terhadap kehidupan budaya daerah jambi /</subfield>
      <subfield code="c">Drs. H. Ilyas Latief; Editor, Refisrul</subfield>
    </datafield>
    <datafield tag="260" ind1="#" ind2="#">
      <subfield code="a">Jambi :</subfield>
      <subfield code="b">Depdikbud,</subfield>
      <subfield code="c">1994</subfield>
    </datafield>
    <datafield tag="300" ind1="#" ind2="#">
      <subfield code="a">xii,112 hlm. :</subfield>
      <subfield code="b">ilus. ;</subfield>
      <subfield code="c">22 x 14 cm</subfield>
    </datafield>
    <datafield tag="084" ind1="#" ind2="#">
      <subfield code="a">307.095 981 5 DAM</subfield>
    </datafield>
    <datafield tag="650" ind1="#" ind2="4">
      <subfield code="a">Pariwisata-budaya daerah jambi</subfield>
    </datafield>
    <datafield tag="990" ind1="#" ind2="#">
      <subfield code="a">92003/BPAP-NTB/2014</subfield>
    </datafield>
    <datafield tag="990" ind1="#" ind2="#">
      <subfield code="a">00088318</subfield>
    </datafield>
  </record>
</collection>
